Joueurs du Manchester United par image - Aléatoire - Statistiques

Statistiques générales
  • Ce quiz a été pris 107 fois
  • Le résultat moyen est 9 sur 16
Statistiques - réponses
Par images Hint Réponse % Correct
Cameroun André Onana
100%
Portugal Bruno Fernandes
100%
Espagne David De Gea
100%
France Éric Cantona
100%
France Fabien Barthez
100%
Espagne Juan Mata
100%
Angleterre Luke Shaw
100%
Uruguay Manuel Ugarte
100%
Pays-Bas Matthijs De Ligt
100%
Corée du Sud Park Ji-Sung
100%
France Patrice Évra
100%
France Paul Pogba
100%
Angleterre Paul Scholes
100%
Angleterre Rio Ferdinand
100%
Pays-Bas Robin Van Persie
100%
Angleterre Wayne Rooney
100%
Suède Zlatan Ibrahimovic
100%
Brésil Casemiro
94%
Portugal Cristiano Ronaldo
93%
Brésil Fred
93%
Angleterre Jasse Lingard
93%
Angleterre Phil Jones
93%
Argentine Angel Di Maria
92%
Uruguay Diego Forlan
92%
Portugal Nani
92%
Colombie Radamel Falcao
92%
Écosse Scott McTominay
92%
Uruguay Edinson Cavani
91%
Irlande du Nord George Best
91%
France Laurent Blanc
91%
Angleterre Marcus Rashford
91%
Danemark Peter Schmeichel
91%
Angleterre David Beckham
90%
Pays-Bas Memphis Depay
90%
Angleterre Mason Mount
89%
France Anthony Martial
88%
Pays-Bas Edwin van der Sar
88%
Pays de Galles Ryan Giggs
88%
Argentine Alejandro Garnacho
87%
Suède Victor Lindelöf
87%
Angleterre Jadon Sancho
86%
Irlande Roy Keane
86%
Brésil Antony
83%
Angleterre Ashley Young
83%
Angleterre Harry Maguire
83%
Belgique Marouane Fellaini
83%
Équateur Antonio Valencia
82%
Danemark Christian Eriksen
82%
Argentine Juan Sebastian Veron
82%
Belgique Romelu Lukaku
81%
Espagne Ander Herrera
80%
Allemagne Bastian Schweinsteiger
80%
Angleterre Gary Neville
78%
Serbie Nemanja Vidic
77%
Mexique Javier Hernandez
75%
Pays-Bas Daley Blind
73%
Angleterre Andy Cole
71%
Angleterre Bobby Charlton
71%
Portugal Diogo Dalot
71%
Argentine Sergio Romero
71%
Bulgarie Dimitar Berbatov
69%
Norvège Ole-Gunnar Solskjaer
69%
Belgique Adnan Januzaj
67%
Danemark Rasmus Højlund
67%
Pays-Bas Ruud van Nistelrooy
67%
Trinité-et-Tobago Dwight Yorke
64%
Maroc Noussair Mazraoui
62%
Angleterre Chris Smalling
58%
Angleterre Kobbie Mainoo
58%
Argentine Lisandro Martinez
56%
Arménie Henrikh Mkhitaryan
55%
Angleterre Michael Carrick
50%
Japon Shinji Kagawa
45%
Côte d'Ivoire Éric Bailly
43%
Irlande John O'Shea
43%
Écosse Denis Law
42%
Irlande du Nord Jonny Evans
40%
Angleterre Owen Hargreaves
40%
Écosse Darren Fletcher
36%
Angleterre Nicky Butt
33%
Angleterre Teddy Sheringham
33%
Angleterre Wesley Brown
31%
Argentine Gabriel Heinze
29%
République tchèque Karol Poborsky
29%
Angleterre Phil Neville
25%
France Mickael Silvestre
18%
France Louis Saha
14%
Norvège Henning Berg
13%
Angleterre Nobby Stiles
10%
Écosse Joe Jordan
9%
Angleterre Steve Coppell
9%
Angleterre Bryan Robson
8%
Irlande Denis Irwin
8%
Angleterre Paul Ince
8%
Angleterre Steve Bruce
8%
Angleterre Alex Stepney
0%
Russie Andrei Kanchelskis
0%
Angleterre Brian Greenhoff
0%
Angleterre Brian Kidd
0%
Écosse Brian McClair
0%
Angleterre Dennis Viollett
0%
Angleterre Duncan Edwards
0%
Angleterre Gary Bailey
0%
Angleterre Gary Pallister
0%
Suède Jesper Blomqvist
0%
Danemark Jesper Olsen
0%
Irlande Kevin Moran
0%
Angleterre Lee Sharpe
0%
Irlande du Nord Mal Donaghy
0%
Pays de Galles Mark Hughes
0%
Écosse Martin Buchan
0%
Angleterre Mike Duxbury
0%
Angleterre Pat Crerand
0%
Irlande Paul McGrath
0%
Afrique du Sud Quinton Fortune
0%
Norvège Ronny Johnsen
0%
Irlande du Nord Sammy McIlroy
0%
Écosse Stewart Houston
0%
Irlande Tony Dunne
0%
Angleterre William Foulkes
0%
Aucun quiz correspondant
Distribution des résultats
% des personnes avec chaque résultat
Percentile par nombre de réponses
Votre historique - résultats
Vous n’avez pas pris ce quiz